Veterinary Medicine : (Record no. 13850)

MARC details
000 -LEADER
fixed length control field 00653cam a22002174a 4500
003 - CONTROL NUMBER IDENTIFIER
control field BD-DhSAU
005 - DATE AND TIME OF LATEST TRANSACTION
control field 20231004105833.0
008 - FIXED-LENGTH DATA ELEMENTS--GENERAL INFORMATION
fixed length control field 022817s2020 ii a qb 001 0 eng
020 ## - INTERNATIONAL STANDARD BOOK NUMBER
International Standard Book Number 9789388892339
040 ## - CATALOGING SOURCE
Original cataloging agency BD-DhSAU
082 00 - DEWEY DECIMAL CLASSIFICATION NUMBER
Classification number 636.089
Edition number 22
Item number R8124
100 1# - MAIN ENTRY--PERSONAL NAME
Personal name Roy, Sushovan
245 10 - TITLE STATEMENT
Title Veterinary Medicine :
Remainder of title Question Bank /
Statement of responsibility, etc. Sushovan Roy, Manju Roy and Roopali Biradar
260 ## - PUBLICATION, DISTRIBUTION, ETC. (IMPRINT)
Place of publication, distribution, etc. New Delhi :
Name of publisher, distributor, etc. International Books & Periodical Supply Service,
Date of publication, distribution, etc. c2020.
300 ## - PHYSICAL DESCRIPTION
Extent ix, 380 p. :
Other physical details ill. ;
Dimensions 22 cm.
590 ## - Name of Cataloguer
Name of Cataloger kobir
650 #0 - SUBJECT ADDED ENTRY--TOPICAL TERM
Topical term or geographic name as entry element Veterinary Medicine
700 ## - ADDED ENTRY--PERSONAL NAME
Personal name Roy, Manju
700 ## - ADDED ENTRY--PERSONAL NAME
Personal name Biradar, Roopali
942 ## - ADDED ENTRY ELEMENTS (KOHA)
Source of classification or shelving scheme Dewey Decimal Classification
Koha item type Book
Holdings
Withdrawn status Lost status Source of classification or shelving scheme Damaged status Not for loan Collection code Home library Branch Name Shelving location Date acquired Cost, normal purchase price Total Checkouts Full call number Barcode Date last seen Price effective from Koha item type Public note
    Dewey Decimal Classification   Not For Loan Reference SAU Library SAU Library General Stacks 21/06/2023 1140.00   636.089 R8124 44928 04/10/2023 04/10/2023 Book Purchase